| 000 | 00745cam a22001935a 4500 | ||
|---|---|---|---|
| 001 | L157538 | ||
| 008 | 130114s1829 xxk f 000 0 eng d | ||
| 035 | _a(Sirsi) u157538 | ||
| 041 | 0 | _aeng | |
| 100 | 1 |
_aNesbit, Anthony _d1778-1859 |
|
| 245 | 0 | 2 |
_aA complete treatise on practical land-surveying, in seven parts _bdesigned chiefly for the use of schools and private students |
| 250 | _a5th ed., greatly enlarged by numerous additions and improvements | ||
| 260 |
_aLondon _bLongman, Rees, Orme, Brown and Green _aYork _bWilson and Sons _c1829 |
||
| 300 |
_axix, 392, 16 p. _bplates _c22 cm. |
||
| 583 |
_aCondition reviewed _c20120620 _lcondition level 4 and 4 |
||
| 651 | 4 |
_aGreat Britain _y1707- |
|
| 690 |
_aMeasurement _96256 |
||
| 942 | _n0 | ||
| 999 |
_c114826 _d114826 |
||